Si liu xin han : 12 juan /

Saved in:
Bibliographic Details
Other Authors: Zhong, Xing, 1574-1625.
Format: Book
Language:Chinese
Published: [China : s.n., Ming mo, between 1621 and 1644]
Series:Harvard-Yenching Library Chinese Rare Books Digitization Project-Collected Works.
Subjects:
Tags: Add Tag
No Tags, Be the first to tag this record!
LEADER 01437cam a2200325ui 4500
001 007779059-6
005 20150211162105.0
008 980430q16211644cc 000 0 chi d
035 0 |a ocn903426166 
035 0 |a ocm39042325 
040 |a *YNH*  |c *YNH*  |d CStRLIN 
245 0 0 |6 880-01  |a Si liu xin han :  |b 12 juan /  |c Zhong Xing xuan zhu. 
260 |6 880-02  |a [China :  |b s.n.,  |c Ming mo, between 1621 and 1644] 
300 |a 12 v. 
500 |6 880-03  |a <> 
500 |a Blockprint. 
500 |a Double leaves, oriental style, in case. 
500 |6 880-04  |a <> 
510 3 |6 880-05  |a Zhu lu: Naikaku bunko kanseki bunrui mokuroku, Zhongguo gu ji shan ben shu mu. 
650 0 |a Parallel prose  |y Ming dynasty, 1368-1644. 
700 1 |6 880-06  |a Zhong, Xing,  |d 1574-1625. 
880 0 0 |6 245-01  |a 四六新函 :  |b 12卷 /  |c 鍾惺選註. 
880 |6 260-02  |a [China :  |b s.n.,  |c 明末, between 1621 and 1644] 
880 |6 500-03  |a 按尊經閣文庫漢藉目錄, 六七七頁著錄有, 恕銘先生彙選當代名公四六新函十二卷, 明萬曆版. 此編似為託名鍾氏之重刊本. 
880 |6 500-04  |a 九行二四字, 四周單邊, 白口, 無魚尾, 框高 20.7 x 11.5. 
880 3 |6 510-05  |a 著錄: 內閣文庫漢籍分類目錄, 中國古籍善本書目. 
880 1 |6 700-06  |a 鍾惺,  |d 1574-1625. 
830 0 |a Harvard-Yenching Library Chinese Rare Books Digitization Project-Collected Works.  |5 net 
988 |a 20021121 
906 |0 MH